| 000 | 00398cam a2200169ua 4500 | ||
|---|---|---|---|
| 020 | _cRs. 1.00 | ||
| 041 |
_amal _h |
||
| 082 |
_a501 _bGOP/SA |
||
| 100 | _aGopalan, V V . | ||
| 245 | _aSasthravum lokavum | ||
| 260 |
_aKottayam : _bSahitya Pravarthaka Co-operative Society , _c1985. |
||
| 300 | _a115 ; . | ||
| 365 | _aRs. 1.00 | ||
| 504 | _a | ||
| 942 | _cBK | ||
| 999 |
_c4484 _d4484 |
||